[Event "FRA-ch Blitz Online Qual"]
[Site "Europe Echecs INT"]
[Date "2020.05.16"]
[Round "12"]
[White "Joly, Charlotte"]
[Black "Dietrich, Antoine"]
[Result "0-1"]
[WhiteElo "1454"]
[BlackElo "1499"]
[PlyCount "146"]
[EventDate "2020.05.16"]
[EventType "swiss (blitz)"]
[EventRounds "15"]
[EventCountry "FRA"]
[SourceTitle "CBM 196 Extra"]
[Source "ChessBase"]
[SourceDate "2020.07.31"]
[SourceVersion "1"]
[SourceVersionDate "2020.07.31"]
[SourceQuality "1"]

1. d4 d5 2. Bf4 Nf6 3. e3 Bf5 4. Nf3 a6 5. h3 Nc6 6. c3 e6 7. Nbd2 Bd6 8. Bxd6 cxd6 9. Nh4 Bg6 10. Nxg6 hxg6 11. Be2 Qe7 12. Rc1 e5 13. dxe5 dxe5 14. Nb3 0-0 15. 0-0 Rad8 16. Qc2 Ne4 17. Rcd1 Qh4 18. Bf3 f5 19. Nd2 Rf7 20. Nb3 g5 21. c4 d4 22. exd4 exd4 23. Rfe1 Re7 24. Nd2 d3 25. Qb3 Nc5 26. Qa3 Qd4 27. Bxc6 Rxe1+ 28. Rxe1 bxc6 29. Nf3 Qd6 30. Rd1 g4 31. hxg4 fxg4 32. Nh2 Qe5 33. Nxg4 Qe2 34. Ne3 d2 35. Qxc5 Qe1+ 36. Rxe1 dxe1Q+ 37. Kh2 Qd2 38. Qxc6 Qxf2 39. Qe6+ Kh8 40. Qh3+ Kg8 41. Nd5 Qd4 42. Ne7+ Kf8 43. Nc6 Qf4+ 44. Qg3 Qxg3+ 45. Kxg3 Rc8 46. Ne5 Rb8 47. Ng6+ Kf7 48. Nf4 Rxb2 49. Nd5 Rxa2 50. Kf4 a5 51. g4 Ke6 52. Ke4 a4 53. Kd4 a3 54. Nb4 Ra1 55. Kc3 a2 56. Kb2 Rg1 57. Kxa2 Rxg4 58. Kb3 g5 59. Kc3 Rg3+ 60. Kd2 Rg2+ 61. Ke3 g4 62. Nd5 Ke5 63. Nf4 Rg3+ 64. Kf2 Kxf4 65. c5 Rf3+ 66. Kg2 g3 67. c6 Rf2+ 68. Kg1 Rc2 69. c7 Rxc7 70. Kf1 Rc2 71. Ke1 g2 72. Kd1 Ra2 73. Kc1 g1Q# 0-1